000 01522nam a22003137a 4500
003 OSt
005 20210224173429.0
008 210224s1997 sp ||||jr|||| 00| f spa d
020 _a8440677022
040 _aCO-JMCR
_cCO-JMCR
041 1 _aspa
_heng
082 0 4 _aN /
_bSTIl
_223
100 1 _aStine, Robert Lawrence,
_eautor
_913929
245 1 0 _aLlamada mortal II /
_cR. L. Stine ; traducción de Mercé Diago
250 _a1° edición
260 _aBarcelona :
_bEdiciones B,
_c1997
300 _a151 páginas ;
_c20 cm.
490 0 _aLa calle del terror ;
_v19
500 _aTítulo original: Wrong number II
520 3 _a¡No estaréis a salvo en ningún sitio! ¡Me vengaré! ¿Quién era el que llamaba? ¿Podría ser el doctor Faberson? pero ¿no seguía en prisión después de que el año anterior intentara matar a Jade y Deena? Tal vez las llamadas no fueron más que bromas pesadas. Pero ¿quién más podría estar al corriente de todo lo que sabe el autor de las llamadas?. Entonces se dieron cuenta de que alguien las observaba y espiaba todos sus movimientos. Esa persona era incapaz de aplacar su sed de venganza. Y no dudaría en matarlas.
546 _aTraducido del inglés.
650 1 4 _aNovela juvenil estadounidense
_913933
650 2 4 _aLiteratura juvenil estadounidense
_913934
650 2 4 _aNovela de terror
_913935
650 2 4 _aNovela policíaca
_9214
650 2 4 _aSuspenso en la literatura
_9613
700 1 _aDiago, Mercé,
_etraductor
_913936
942 _2ddc
_cBK
999 _c7326
_d7326